Perfect Places - Lorde (All Lyrics) - Statistics

General Stats
  • This quiz has been taken 471 times
  • The average score is 189 of 247
Answer Stats
Perfect Places % Correct
the
99%
I
98%
and
96%
perfect
95%
places
94%
to
94%
Pre-Chorus Are
93%
are
93%
night
92%
we
92%
Verse 1 | Verse 2 Every
89%
die
88%
live
88%
of
88%
What
88%
you
87%
Chorus | Outro All
86%
my
85%
where
85%
It's
84%
another
82%
just
82%
we're
82%
go
81%
be
80%
Feel
78%
fuck
78%
I'm
78%
our
78%
party
78%
young
78%
Cause
77%
then
77%
us
77%
bones
76%
on
76%
out
75%
in
74%
lost
74%
anyway?
73%
is
73%
Let's
73%
take
73%
19
72%
fire
72%
get
70%
This
70%
me
69%
weather
69%
But
68%
drink
68%
off
68%
oh
68%
graceless
67%
when
67%
things
66%
alone
65%
don't
65%
hate
65%
Have
65%
how
65%
can't
64%
alright
62%
dancing
62%
clothes
61%
know
61%
radio
61%
stand
61%
headlines
60%
taking
60%
enough?
59%
speakers
59%
Send
58%
blow
57%
heroes
57%
kiss
57%
these
57%
they
57%
ashamed
55%
If
55%
keep
54%
Now
54%
tellin'
54%
fading
53%
light
53%
notorious
53%
find
52%
home
52%
Watch
52%
faces
51%
nights
50%
I'll
49%
somebody
49%
Trying
49%
guts
47%
Meet
47%
beneath
46%
outdoor
45%
spent
45%
em'
39%
Spill
39%
brains
36%
wasters
34%
No matching quizzes found
Score Distribution
Percent of People with Each Score
Percentile by Number Answered
Your Score History
You have not taken this quiz